000 00696cab a2200205 4500
001 WB2644-39
008 090401t1990 xxu||||| |||| 00| 0 eng d
035 _a(Sirsi) u15277
041 _aeng
245 _aBusiness rate increases
260 _c1990
350 _a0
490 _aDoE News Release
_vno 600 30 October 1990 2 pages
520 _aIn reply to a written Parliamentary Question, the Local Government Minister said that only 7% of businesses will experience the maximum rates increase of 20%, while 20% will have reduced rates bills.
650 _aPHASING ARRANGEMENTS
650 _aUNIFORM BUSINESS RATE
690 _aRATING AND VALUATION
942 _n0
948 _c04/03/1997
999 _c9998
_d9998